| 000 | 00389nam a2200145 i 4500 | ||
|---|---|---|---|
| 001 | bg | ||
| 100 | 1 | _aMALINOWSKI, Czesław | |
| 245 | 0 |
_aProjektowanie stropów i ścian w budownictwie tradycyjnym. _nCz 1 / _cCz.Malinowski, R.Peła. |
|
| 260 |
_ałódż, _c1989. |
||
| 700 | 1 | _aPEłA, Ryszard | |
| 040 | _cBPK | ||
| 041 | _apol | ||
| 942 | _cKS | ||
| 008 | s pl f |000 0 pol | ||
| 999 |
_c4009 _d4009 |
||
| 856 |
_uhttp://koha.tu.koszalin.pl/cgi-bin/koha/opac-detail.pl?biblionumber=4009 _yKatalog online BPK |
||